Fr. Conceicao Rodrigues College of Engineering

Embedded system design:A unified Hardware/Software (Record no. 30260)

MARC details
000 -LEADER
fixed length control field 00332nam a2200145Ia 4500
082 ## - DEWEY DECIMAL CLASSIFICATION NUMBER
Classification number 3.3
Item number VAH
100 ## - MAIN ENTRY--PERSONAL NAME
Personal name Vahid/Frank/ Givargis/Tony
245 ## - TITLE STATEMENT
Title Embedded system design:A unified Hardware/Software
260 ## - PUBLICATION, DISTRIBUTION, ETC.
Name of publisher, distributor, etc. John Wiley
Date of publication, distribution, etc. 2002
366 ## - TRADE AVAILABILITY INFORMATION
Publishers's discount category 15
300 ## - PHYSICAL DESCRIPTION
Extent 324
546 ## - LANGUAGE NOTE
Language note ENGLISH
654 ## - SUBJECT ADDED ENTRY--FACETED TOPICAL TERMS
Focus term embedded
942 ## - ADDED ENTRY ELEMENTS (KOHA)
Koha item type BOOK
Holdings
Withdrawn status Lost status Damaged status Not for loan Collection Home library Current library Date acquired Source of acquisition Cost, normal purchase price Inventory number Total Checkouts Full call number Barcode Date last seen Cost, replacement price Price effective from Koha item type
        CRC Fr. Agnel's C.Rodrigues College of Engineering Fr. Agnel's C.Rodrigues College of Engineering 17/03/2023 Unique Book Distributors 203.67 609 dt 13/09/2004   3.3 VAH 15196 17/03/2023 239.61 13/09/2004 BOOK
        CRC Fr. Agnel's C.Rodrigues College of Engineering Fr. Agnel's C.Rodrigues College of Engineering 17/03/2023 Unique Book Distributors 203.67 609   3.3 VAH 15197 17/03/2023 239.61 17/03/2023 BOOK